| 000 | 01615cam a22004574i 4500 | ||
|---|---|---|---|
| 003 | PE-LiUPU | ||
| 005 | 20250731173442.0 | ||
| 008 | 150616s1984 sp r 000 0 spa d | ||
| 020 | _a8422011581 | ||
| 035 | _a(Sirsi) i9788422011583 | ||
| 040 |
_aPE-LiUPU _bspa _cPE-LiUPU _erda |
||
| 049 | _aPRUA | ||
| 082 | 0 | 4 |
_a272.20946 _bC43 _221 |
| 110 | 2 | _aCentro de Estudios Inquisitoriales | |
| 245 | 1 | 0 |
_aHistoria del la Inquisición en España y América. _n1. |
| 264 | 1 |
_aMadrid : _bEditorial Católica, S.A., _c1984. |
|
| 300 |
_a1548 páginas ; _c24 centímetros |
||
| 336 |
_atext _2rdacontent |
||
| 337 |
_aunmediated _2rdamedia |
||
| 338 |
_avolume _2rdacarrier |
||
| 505 | 0 | _aLas bases del conocimiento histórico del Santo Oficio.- La Inquisición española en las etapas de su proceso histórico. | |
| 526 | _aSEG42 | ||
| 526 | _aSEG41 | ||
| 526 | _aSEG40 | ||
| 526 | _aSEG39 | ||
| 526 | _aP94 | ||
| 526 | _aP87 | ||
| 526 | _aP86 | ||
| 526 | _aP85 | ||
| 526 | _aP77 | ||
| 526 | _aP76 | ||
| 526 | _aP35 | ||
| 650 | 0 | 4 | _aINQUISICION - ESPAÑA - SIGLO XV. |
| 910 |
_ajck _bjvq _cjck |
||
| 942 |
_2ddc _cBOOK |
||
| 949 |
_a272.20946 C43 1 _wDEWEY _c1 _i39281 _d2016-11-22 _e2016-11-15 _lCCODEBUL1 _mBUL _n4 _r0 _sY _tBOOK _u2015-6-16 _xTEOLOGIA _zUNKNOWN _0COMPRA _o.STAFF. Colección Teología |
||
| 994 |
_aC0 _bPEPRU |
||
| 596 | _a1 | ||
| 999 |
_a272.20946 C43 1 _wDEWEY _c56835 _i39281 _d56835 _e2018-10-15 _f2021-11-11 _g5 _lCCODEBUL1 _mBUL _n7 _p20.00 _q5 _r0 _sY _tBOOK _u2015-6-16 _xTEOLOGIA _PP35 _0COMPRA _o.STAFF. Colección Teología |
||
| 980 |
_81 _gALBERTO SANCHEZ Responsable de Automatización |
||